<?xml version="1.0" encoding="UTF-8"?>
<record
    xmlns:xsi="http://www.w3.org/2001/XMLSchema-instance"
    xsi:schemaLocation="http://www.loc.gov/MARC21/slim http://www.loc.gov/standards/marcxml/schema/MARC21slim.xsd"
    xmlns="http://www.loc.gov/MARC21/slim">

  <leader>01046nam a22002897a 4500</leader>
  <controlfield tag="001">15</controlfield>
  <controlfield tag="003">BD-RjUL</controlfield>
  <controlfield tag="005">20211208233106.0</controlfield>
  <controlfield tag="008">131116r20082000ii ad         001 0 eng d</controlfield>
  <datafield tag="020" ind1=" " ind2=" ">
    <subfield code="a">9788120312692</subfield>
  </datafield>
  <datafield tag="035" ind1=" " ind2=" ">
    <subfield code="a">(BD-RjUL)17</subfield>
  </datafield>
  <datafield tag="040" ind1=" " ind2=" ">
    <subfield code="a">BD-RjUL</subfield>
    <subfield code="b">eng</subfield>
    <subfield code="c">BD-RjUL</subfield>
    <subfield code="d">BD-RjUL</subfield>
  </datafield>
  <datafield tag="041" ind1=" " ind2=" ">
    <subfield code="a">eng</subfield>
  </datafield>
  <datafield tag="082" ind1="0" ind2="4">
    <subfield code="2">21</subfield>
    <subfield code="a">620.0028</subfield>
    <subfield code="b">SAM 2008</subfield>
  </datafield>
  <datafield tag="100" ind1="1" ind2=" ">
    <subfield code="a">Sayer, Michael</subfield>
    <subfield code="9">49</subfield>
  </datafield>
  <datafield tag="245" ind1=" " ind2=" ">
    <subfield code="a">Measurement, instrumentation and experiment design in physics and engineering /</subfield>
    <subfield code="c">Michael Sayer, Abhai Mansingh.</subfield>
  </datafield>
  <datafield tag="260" ind1=" " ind2=" ">
    <subfield code="a">New Delhi :</subfield>
    <subfield code="b">PHI Learning Private Limited ,</subfield>
    <subfield code="c">c2000 </subfield>
    <subfield code="c">[reprinted 2008]</subfield>
  </datafield>
  <datafield tag="300" ind1=" " ind2=" ">
    <subfield code="a">xii, 368 p. :</subfield>
    <subfield code="b">ill. ;</subfield>
    <subfield code="c">25 cm.</subfield>
  </datafield>
  <datafield tag="504" ind1=" " ind2=" ">
    <subfield code="a">Includes indexs</subfield>
  </datafield>
  <datafield tag="526" ind1=" " ind2=" ">
    <subfield code="b">Physics</subfield>
  </datafield>
  <datafield tag="650" ind1=" " ind2="0">
    <subfield code="2">SLSH</subfield>
    <subfield code="a">Physical measurements. </subfield>
    <subfield code="9">36</subfield>
  </datafield>
  <datafield tag="650" ind1=" " ind2="7">
    <subfield code="2">SLSH</subfield>
    <subfield code="a">Physical instruments.</subfield>
    <subfield code="9">37</subfield>
  </datafield>
  <datafield tag="650" ind1=" " ind2="7">
    <subfield code="2">SLSH</subfield>
    <subfield code="a">Experimental design.</subfield>
    <subfield code="9">38</subfield>
  </datafield>
  <datafield tag="700" ind1="1" ind2=" ">
    <subfield code="a">Mansingh, Abhai </subfield>
    <subfield code="9">50</subfield>
  </datafield>
  <datafield tag="856" ind1="4" ind2="2">
    <subfield code="u">http://www.worldcat.org/title/measurement-instrumentation-and-experiment-design-in-physics-and-engineering/oclc/51294866&amp;referer=brief_results</subfield>
  </datafield>
  <datafield tag="942" ind1=" " ind2=" ">
    <subfield code="2">ddc</subfield>
    <subfield code="c">BK</subfield>
  </datafield>
  <datafield tag="999" ind1=" " ind2=" ">
    <subfield code="c">15</subfield>
    <subfield code="d">15</subfield>
  </datafield>
  <datafield tag="952" ind1=" " ind2=" ">
    <subfield code="0">0</subfield>
    <subfield code="1">0</subfield>
    <subfield code="2">ddc</subfield>
    <subfield code="4">0</subfield>
    <subfield code="7">0</subfield>
    <subfield code="8">NFIC</subfield>
    <subfield code="a">RUCL</subfield>
    <subfield code="b">RUCL</subfield>
    <subfield code="c">Stack</subfield>
    <subfield code="d">2009-10-10</subfield>
    <subfield code="e">Karim International</subfield>
    <subfield code="g">1470.00</subfield>
    <subfield code="l">1</subfield>
    <subfield code="o">620.0028 SAM 2008</subfield>
    <subfield code="r">2020-09-16 00:00:00</subfield>
    <subfield code="s">2020-09-16</subfield>
    <subfield code="t">C-3</subfield>
    <subfield code="w">2021-12-08</subfield>
    <subfield code="y">BK</subfield>
  </datafield>
  <datafield tag="952" ind1=" " ind2=" ">
    <subfield code="0">0</subfield>
    <subfield code="1">0</subfield>
    <subfield code="2">ddc</subfield>
    <subfield code="4">0</subfield>
    <subfield code="7">0</subfield>
    <subfield code="8">NFIC</subfield>
    <subfield code="a">RUCL</subfield>
    <subfield code="b">RUCL</subfield>
    <subfield code="c">stack</subfield>
    <subfield code="d">2009-10-10</subfield>
    <subfield code="e">Karim International</subfield>
    <subfield code="g">250.00</subfield>
    <subfield code="l">0</subfield>
    <subfield code="o">620.0028 SAM 2008</subfield>
    <subfield code="r">2013-11-06 00:00:00</subfield>
    <subfield code="t">C-4</subfield>
    <subfield code="w">2021-12-08</subfield>
    <subfield code="y">BK</subfield>
  </datafield>
  <datafield tag="952" ind1=" " ind2=" ">
    <subfield code="0">0</subfield>
    <subfield code="1">0</subfield>
    <subfield code="2">ddc</subfield>
    <subfield code="4">0</subfield>
    <subfield code="7">0</subfield>
    <subfield code="8">NFIC</subfield>
    <subfield code="a">RUCL</subfield>
    <subfield code="b">RUCL</subfield>
    <subfield code="c">stack</subfield>
    <subfield code="d">2009-10-10</subfield>
    <subfield code="e">Karim International</subfield>
    <subfield code="g">250.00</subfield>
    <subfield code="l">0</subfield>
    <subfield code="o">620.0028 SAM 2008</subfield>
    <subfield code="r">2013-11-06 00:00:00</subfield>
    <subfield code="t">C-5</subfield>
    <subfield code="w">2021-12-08</subfield>
    <subfield code="y">BK</subfield>
  </datafield>
  <datafield tag="952" ind1=" " ind2=" ">
    <subfield code="0">0</subfield>
    <subfield code="1">0</subfield>
    <subfield code="2">ddc</subfield>
    <subfield code="4">0</subfield>
    <subfield code="7">0</subfield>
    <subfield code="8">NFIC</subfield>
    <subfield code="a">RUCL</subfield>
    <subfield code="b">RUCL</subfield>
    <subfield code="c">stack</subfield>
    <subfield code="d">2009-10-10</subfield>
    <subfield code="e">Karim International</subfield>
    <subfield code="g">250.00</subfield>
    <subfield code="l">0</subfield>
    <subfield code="o">620.0028 SAM 2008</subfield>
    <subfield code="r">2013-11-06 00:00:00</subfield>
    <subfield code="t">C-6</subfield>
    <subfield code="w">2021-12-08</subfield>
    <subfield code="y">BK</subfield>
  </datafield>
  <datafield tag="952" ind1=" " ind2=" ">
    <subfield code="0">0</subfield>
    <subfield code="1">0</subfield>
    <subfield code="2">ddc</subfield>
    <subfield code="4">0</subfield>
    <subfield code="7">0</subfield>
    <subfield code="8">NFIC</subfield>
    <subfield code="a">RUCL</subfield>
    <subfield code="b">RUCL</subfield>
    <subfield code="c">stack</subfield>
    <subfield code="d">2009-10-10</subfield>
    <subfield code="e">Karim International</subfield>
    <subfield code="g">250.00</subfield>
    <subfield code="l">0</subfield>
    <subfield code="o">620.0028 SAM 2008</subfield>
    <subfield code="r">2013-11-06 00:00:00</subfield>
    <subfield code="t">C-7</subfield>
    <subfield code="w">2021-12-08</subfield>
    <subfield code="y">BK</subfield>
  </datafield>
  <datafield tag="952" ind1=" " ind2=" ">
    <subfield code="0">0</subfield>
    <subfield code="1">0</subfield>
    <subfield code="2">ddc</subfield>
    <subfield code="4">0</subfield>
    <subfield code="7">0</subfield>
    <subfield code="8">NFIC</subfield>
    <subfield code="a">RUCL</subfield>
    <subfield code="b">RUCL</subfield>
    <subfield code="c">Stack</subfield>
    <subfield code="d">2009-10-10</subfield>
    <subfield code="e">Dhaka paragon enterprises ltd.</subfield>
    <subfield code="g">1470.00</subfield>
    <subfield code="l">1</subfield>
    <subfield code="o">620.0028 SAM 2008</subfield>
    <subfield code="r">2019-07-29 00:00:00</subfield>
    <subfield code="s">2019-07-29</subfield>
    <subfield code="t">C-8</subfield>
    <subfield code="w">2016-09-18</subfield>
    <subfield code="y">BK</subfield>
  </datafield>
  <datafield tag="952" ind1=" " ind2=" ">
    <subfield code="0">0</subfield>
    <subfield code="1">0</subfield>
    <subfield code="2">ddc</subfield>
    <subfield code="4">0</subfield>
    <subfield code="7">1</subfield>
    <subfield code="8">NFIC</subfield>
    <subfield code="a">RUCL</subfield>
    <subfield code="b">RUCL</subfield>
    <subfield code="c">Reading</subfield>
    <subfield code="d">2009-10-10</subfield>
    <subfield code="e">Ahsanian Mission, Dhaka</subfield>
    <subfield code="g">1470.00</subfield>
    <subfield code="l">0</subfield>
    <subfield code="o">620.0028 SAM 2008</subfield>
    <subfield code="r">2017-04-15 00:00:00</subfield>
    <subfield code="t">C-1</subfield>
    <subfield code="w">2017-04-15</subfield>
    <subfield code="y">BK</subfield>
  </datafield>
</record>
